000 00538nam a2200193 a 4500
001 1767414371054
003 YourLibrary
005 20260103103038.0
008 260103s2005##################000#0#eng##
020 _a9780521020589
082 0 4 _a296.155
_bNEW
100 1 _aNewton, Michael,
_eauthor.
245 1 0 _aThe Concept of Purity at Qumran and in the Letters of Paul :
260 _bCambridge University Press,
_c2005.
300 _a188 pages
650 0 _aBibles.
942 _cENGLISH
040 _aYourLibrary
_beng
_cYourLibrary
999 _c606888
_d606888